[Event "Sunningdale e2e4 op U1800 05"]
[Site "Sunningdale"]
[Date "2013.05.25"]
[Round "2"]
[White "Carr, John W"]
[Black "Cox, Marian"]
[Result "0-1"]
[WhiteElo "1417"]
[BlackElo "1481"]
[PlyCount "90"]
[EventDate "2013.05.25"]
[EventType "swiss"]
[EventRounds "7"]
[EventCountry "ENG"]
[SourceTitle "EXT 2014"]
[Source "ChessBase"]
[SourceDate "2013.11.20"]
[SourceVersion "1"]
[SourceVersionDate "2013.11.20"]
[SourceQuality "1"]

1. Nf3 d6 2. e4 Nf6 3. Nc3 Bg4 4. Be2 c6 5. 0-0 e5 6. d3 Be7 7. Bg5 Nbd7 8. Ne1 Bxe2 9. Nxe2 h6 10. Bd2 d5 11. Ng3 dxe4 12. Nxe4 Qc7 13. a4 Nc5 14. Nxf6+ gxf6 15. b4 Ne6 16. Nf3 f5 17. Re1 Bf6 18. Rb1 0-0-0 19. Kh1 b6 20. Qc1 f4 21. a5 b5 22. Qa3 a6 23. Ng1 Kb7 24. f3 Nd4 25. Rec1 Qd6 26. c4 h5 27. cxb5 cxb5 28. Be1 h4 29. h3 Be7 30. Bf2 f5 31. Bxd4 Qxd4 32. Qc3 Qxc3 33. Rxc3 Rh7 34. Ne2 Bd6 35. Nc1 Rhd7 36. Na2 Be7 37. Re1 Bf6 38. Nc1 e4 39. Rb3 exd3 40. Rd1 d2 41. Ne2 Re8 42. Ng1 Re1 43. Rbb1 Rxd1 44. Rxd1 Bc3 45. Kh2 Re7 0-1

[Event "Sunningdale e2e4 op U1800 05"]
[Site "Sunningdale"]
[Date "2013.05.25"]
[Round "1"]
[White "Cox, Marian"]
[Black "Horlock, Peter J"]
[Result "0-1"]
[WhiteElo "1481"]
[BlackElo "1674"]
[PlyCount "84"]
[EventDate "2013.05.25"]
[EventType "swiss"]
[EventRounds "7"]
[EventCountry "ENG"]
[SourceTitle "EXT 2014"]
[Source "ChessBase"]
[SourceDate "2013.11.20"]
[SourceVersion "1"]
[SourceVersionDate "2013.11.20"]
[SourceQuality "1"]

1. e4 e5 2. Nf3 Nc6 3. Nc3 d6 4. Bc4 h6 5. h3 Nf6 6. d4 exd4 7. Nxd4 Ne5 8. Bb3 a6 9. f4 Ng6 10. Qe2 c5 11. Nf3 Nh5 12. Qf2 Be7 13. Ne2 0-0 14. Bd2 b5 15. c3 c4 16. Bc2 Bb7 17. 0-0-0 a5 18. g4 Nf6 19. Qd4 Nd7 20. Qf2 b4 21. Bb1 Nc5 22. Qe3 bxc3 23. Nxc3 a4 24. Nb5 Bc6 25. Na3 Nd3+ 26. Bxd3 cxd3 27. Nd4 Rc8 28. Kb1 d5 29. Nxc6 Rxc6 30. Qxd3 Bxa3 31. Qxa3 Re8 32. Qxa4 Rc4 33. Qb3 Rexe4 34. Qf3 Qb6 35. f5 Ne5 36. Qb3 Qa6 37. Rhe1 Rxe1 38. Rxe1 Nc6 39. Qd3 Rc1+ 40. Rxc1 Qxd3+ 41. Ka1 Qxd2 42. Rxc6 Qd1+ 0-1

[Event "Guernsey Holiday op"]
[Site "Guernsey"]
[Date "2011.10.22"]
[Round "7"]
[White "Cox, Marian"]
[Black "Brown, Jim"]
[Result "1/2-1/2"]
[WhiteElo "1440"]
[BlackElo "1272"]
[PlyCount "73"]
[EventDate "2011.10.16"]
[EventType "swiss"]
[EventRounds "7"]
[EventCountry "GCI"]
[SourceTitle "EXT 2015"]
[Source "ChessBase"]
[SourceDate "2014.11.20"]
[SourceVersion "1"]
[SourceVersionDate "2014.11.20"]
[SourceQuality "1"]

1. e4 c6 2. Nf3 d6 3. d4 Nd7 4. c4 e6 5. Nc3 Be7 6. Bd3 Ngf6 7. Be3 h6 8. Qc2 e5 9. dxe5 Nxe5 10. Nxe5 dxe5 11. 0-0 0-0 12. f4 Be6 13. Ne2 Ng4 14. Bd2 Bc5+ 15. Kh1 Nf2+ 16. Rxf2 Bxf2 17. fxe5 Bg4 18. Bc3 Bxe2 19. Bxe2 Bc5 20. b4 Be7 21. a4 a6 22. Rd1 Qc8 23. c5 Qe6 24. a5 Rad8 25. Bd2 Bg5 26. Bxg5 Rxd1+ 27. Bxd1 hxg5 28. Qc3 Qd7 29. Bc2 Rd8 30. Qe1 Re8 31. Qa1 Qc7 32. e6 Rxe6 33. g3 Qe5 34. Qd1 Qf6 35. Kg2 Re8 36. Qb1 Qe5 37. h3 1/2-1/2

[Event "Guernsey Holiday op"]
[Site "Guernsey"]
[Date "2011.10.19"]
[Round "4"]
[White "Cox, Marian"]
[Black "Finch, Russell"]
[Result "0-1"]
[WhiteElo "1440"]
[BlackElo "1700"]
[PlyCount "54"]
[EventDate "2011.10.16"]
[EventType "swiss"]
[EventRounds "7"]
[EventCountry "GCI"]
[SourceTitle "EXT 2015"]
[Source "ChessBase"]
[SourceDate "2014.11.20"]
[SourceVersion "1"]
[SourceVersionDate "2014.11.20"]
[SourceQuality "1"]

1. e4 c5 2. Nf3 d6 3. d4 cxd4 4. Nxd4 Nf6 5. Nc3 e6 6. Be3 Be7 7. Bc4 a6 8. a4 Qc7 9. Bd3 0-0 10. Qd2 Bd7 11. 0-0 Nc6 12. Nxc6 Bxc6 13. f4 Rfd8 14. a5 Qd7 15. b4 d5 16. Bb6 Rdc8 17. e5 d4 18. Na2 Nd5 19. Bc5 Bxc5 20. bxc5 Ne3 21. Rf2 Qd5 22. Qb4 Nxg2 23. Bc4 Qe4 24. Bd3 Qe3 25. Bf1 Nh4 26. Be2 Qe4 27. Qd2 Qh1# 0-1

[Event "Guernsey Holiday op"]
[Site "Guernsey"]
[Date "2011.10.18"]
[Round "3"]
[White "Goman, Colin"]
[Black "Cox, Marian"]
[Result "0-1"]
[WhiteElo "1631"]
[BlackElo "1440"]
[PlyCount "36"]
[EventDate "2011.10.16"]
[EventType "swiss"]
[EventRounds "7"]
[EventCountry "GCI"]
[SourceTitle "EXT 2015"]
[Source "ChessBase"]
[SourceDate "2014.11.20"]
[SourceVersion "1"]
[SourceVersionDate "2014.11.20"]
[SourceQuality "1"]

1. Nf3 d6 2. e4 e5 3. d4 exd4 4. Nxd4 Nf6 5. Bg5 Be7 6. Nf5 Bxf5 7. exf5 Nbd7 8. Nc3 0-0 9. Qd2 Re8 10. 0-0-0 c6 11. h4 h6 12. Bf4 d5 13. Be2 Bc5 14. g4 d4 15. Bxh6 gxh6 16. Qxh6 dxc3 17. g5 cxb2+ 18. Kb1 Bf8 0-1

[Event "Guernsey Holiday op"]
[Site "Guernsey"]
[Date "2011.10.16"]
[Round "1"]
[White "Cox, Marian"]
[Black "Onwezen, Eric"]
[Result "0-1"]
[WhiteElo "1440"]
[BlackElo "1720"]
[PlyCount "100"]
[EventDate "2011.10.16"]
[EventType "swiss"]
[EventRounds "7"]
[EventCountry "GCI"]
[SourceTitle "EXT 2015"]
[Source "ChessBase"]
[SourceDate "2014.11.20"]
[SourceVersion "1"]
[SourceVersionDate "2014.11.20"]
[SourceQuality "1"]

1. e4 e5 2. Nf3 Nc6 3. Bc4 Be7 4. 0-0 Nf6 5. Nc3 0-0 6. Re1 d6 7. d3 Bg4 8. h3 Bh5 9. Bg5 Na5 10. Bb3 Nxb3 11. axb3 c6 12. Nb1 Qc7 13. c4 a6 14. Nbd2 b5 15. Qc2 Qb6 16. Bxf6 Bxf6 17. g4 Bg6 18. Kg2 Rfb8 19. Reb1 Qc5 20. Qc3 b4 21. Qc2 d5 22. g5 dxe4 23. Nxe4 Bxe4 24. dxe4 Be7 25. Rd1 a5 26. Qe2 Rd8 27. Rxd8+ Rxd8 28. Rd1 f6 29. Rxd8+ Bxd8 30. h4 Qd6 31. Kg3 Bb6 32. Qc2 Bd4 33. Qd2 c5 34. Kg2 Qc6 35. Qc2 Kf7 36. Kg3 Qe6 37. Qd2 f5 38. exf5 Qxf5 39. Qe2 Qf4+ 40. Kh3 Bxb2 41. Nh2 Bd4 42. f3 Qe3 43. Qc2 g6 44. Qd1 e4 45. Kg4 Qg1+ 46. Qxg1 Bxg1 47. Nf1 e3 48. Ng3 a4 49. bxa4 b3 50. Ne2 b2 0-1

[Event "Guernsey Holiday op"]
[Site "Guernsey"]
[Date "2010.10.23"]
[Round "7"]
[White "Cox, Marian"]
[Black "Kok, Frans"]
[Result "0-1"]
[WhiteElo "1416"]
[BlackElo "1666"]
[PlyCount "115"]
[EventDate "2010.10.17"]
[EventType "swiss"]
[EventRounds "7"]
[EventCountry "GCI"]
[SourceTitle "EXT 2013"]
[Source "ChessBase"]
[SourceDate "2012.11.22"]
[SourceVersion "1"]
[SourceVersionDate "2012.11.22"]
[SourceQuality "1"]

1. e4 c5 2. Nf3 Nc6 3. Bc4 e6 4. a3 a6 5. Nc3 b5 6. Ba2 d6 7. d3 Be7 8. 0-0 Nf6 9. Be3 0-0 10. Qd2 d5 11. exd5 exd5 12. d4 c4 13. b4 Qb6 14. Ne5 Be6 15. Nxc6 Qxc6 16. f3 a5 17. Ne2 axb4 18. axb4 Ra4 19. c3 Rfa8 20. Rfb1 Bf5 21. Rb2 Nd7 22. g4 Bg6 23. Nf4 h6 24. Nxg6 Qxg6 25. Kg2 Qc6 26. Re1 g5 27. Bb1 Kg7 28. f4 gxf4 29. Bxf4 Bd8 30. Bf5 Nf8 31. Be5+ Bf6 32. Bf4 Bd8 33. Kg3 Bc7 34. h4 Bxf4+ 35. Qxf4 Ra3 36. Rc2 Ng6 37. Bxg6 Qxg6 38. Qe5+ Kg8 39. Qf5 Qd6+ 40. Qe5 Qxb4 41. Re3 Qa4 42. Rc1 b4 43. Qxd5 b3 44. Qb7 Qa7 45. Qxa7 R8xa7 46. Re2 Ra1 47. Ree1 Rxc1 48. Rxc1 Ra2 49. Kf4 Rc2 50. Rb1 Rxc3 51. Ke4 Rc2 52. d5 b2 53. Kd4 c3 54. Kd3 Rc1 55. d6 Rxb1 56. Kxc3 Rd1 57. Kxb2 Rxd6 58. Kc3 0-1

[Event "Guernsey Holiday op"]
[Site "Guernsey"]
[Date "2009.10.23"]
[Round "6"]
[White "Cox, Marian"]
[Black "Carrick, Peter"]
[Result "0-1"]
[WhiteElo "1434"]
[BlackElo "1522"]
[PlyCount "80"]
[EventDate "2009.10.18"]
[EventType "swiss"]
[EventRounds "7"]
[EventCountry "GCI"]
[SourceTitle "EXT 2015"]
[Source "ChessBase"]
[SourceDate "2014.11.20"]
[SourceVersion "1"]
[SourceVersionDate "2014.11.20"]
[SourceQuality "1"]

1. e4 d5 2. exd5 Qxd5 3. Nc3 Qa5 4. d4 c6 5. Nf3 Nf6 6. Be2 Bf5 7. Bd2 Qc7 8. Qc1 e6 9. Bf4 Bd6 10. Ne5 Nd5 11. Nxd5 exd5 12. Qd2 0-0 13. 0-0 Nd7 14. Nd3 Rfe8 15. Bxd6 Qxd6 16. Rfe1 Re7 17. c3 Rae8 18. Rad1 Qg6 19. Nf4 Qd6 20. g3 Nf6 21. f3 Qd7 22. Kf2 h6 23. Nd3 Qc7 24. Ne5 Nh7 25. Bd3 Bxd3 26. Nxd3 Nf6 27. Rxe7 Rxe7 28. Re1 Qd7 29. Ne5 Qf5 30. Kg2 Kf8 31. g4 Qe6 32. Ng6+ fxg6 33. Rxe6 Rxe6 34. Kf2 Re4 35. h3 Re7 36. Qf4 a6 37. h4 Kg8 38. Qd6 Rf7 39. g5 Ne4+ 40. Ke3 Nxd6 0-1

[Event "Guernsey Holiday op"]
[Site "Guernsey"]
[Date "2009.10.22"]
[Round "5"]
[White "Bateman, Kerry"]
[Black "Cox, Marian"]
[Result "1-0"]
[WhiteElo "1400"]
[BlackElo "1434"]
[PlyCount "59"]
[EventDate "2009.10.18"]
[EventType "swiss"]
[EventRounds "7"]
[EventCountry "GCI"]
[SourceTitle "EXT 2015"]
[Source "ChessBase"]
[SourceDate "2014.11.20"]
[SourceVersion "1"]
[SourceVersionDate "2014.11.20"]
[SourceQuality "1"]

1. e4 e5 2. Nf3 Nc6 3. Bc4 Bc5 4. b4 Bxb4 5. c3 Be7 6. d4 exd4 7. 0-0 d6 8. Qb3 Be6 9. Bxe6 fxe6 10. Qxe6 dxc3 11. Nxc3 Qd7 12. Ng5 Nd8 13. Qc4 c6 14. f4 h6 15. Nf3 Ne6 16. Be3 Nf6 17. h3 b5 18. Qb3 a6 19. Rad1 Qc8 20. e5 dxe5 21. Nxe5 Rf8 22. Qc2 Bc5 23. Qg6+ Ke7 24. Bxc5+ Nxc5 25. Qxg7+ Ke6 26. Rfe1 Rg8 27. Qf7+ Kf5 28. g4+ Kxf4 29. Qxf6+ Kg3 30. Re3# 1-0

[Event "Guernsey Holiday op"]
[Site "Guernsey"]
[Date "2009.10.19"]
[Round "2"]
[White "Cox, Marian"]
[Black "Timmerman, Peter"]
[Result "0-1"]
[WhiteElo "1434"]
[BlackElo "1562"]
[PlyCount "92"]
[EventDate "2009.10.18"]
[EventType "swiss"]
[EventRounds "7"]
[EventCountry "GCI"]
[SourceTitle "EXT 2015"]
[Source "ChessBase"]
[SourceDate "2014.11.20"]
[SourceVersion "1"]
[SourceVersionDate "2014.11.20"]
[SourceQuality "1"]

1. e4 e5 2. Nf3 Nc6 3. Bc4 Bc5 4. 0-0 Nf6 5. d3 d5 6. exd5 Nxd5 7. Re1 0-0 8. c3 Bg4 9. Nbd2 Kh8 10. Ne4 Bb6 11. b4 f6 12. Bxd5 Qxd5 13. h3 Bxf3 14. Qxf3 Qd7 15. a4 a6 16. Qd1 Rad8 17. Be3 Qxd3 18. Bxb6 cxb6 19. Qxd3 Rxd3 20. b5 Ne7 21. Rad1 Rfd8 22. Rxd3 Rxd3 23. Rc1 Nf5 24. Kf1 Rd7 25. g3 Kg8 26. Ke2 Kf7 27. Kf3 Ke6 28. h4 Nd6 29. Nxd6 Rxd6 30. Ke3 axb5 31. axb5 Rd5 32. c4 Rd7 33. h5 Kf5 34. f3 Kg5 35. g4 f5 36. gxf5 Kxf5 37. c5 Rc7 38. c6 bxc6 39. Rxc6 Rxc6 40. bxc6 Ke6 41. c7 Kd7 42. c8Q+ Kxc8 43. Ke4 Kd7 44. Kxe5 b5 45. f4 b4 46. Kd4 Ke6 0-1

[Event "Gibraltar Challengers-B"]
[Site "Gibraltar"]
[Date "2009.02.04"]
[Round "4"]
[White "Correa Vargas, Luis"]
[Black "Cox, Marian"]
[Result "1/2-1/2"]
[WhiteElo "1192"]
[BlackElo "1192"]
[PlyCount "117"]
[EventDate "2009.02.01"]
[EventType "swiss"]
[EventRounds "5"]
[EventCountry "ENG"]
[SourceTitle "EXT 2012"]
[Source "ChessBase"]
[SourceDate "2011.11.24"]
[SourceVersion "1"]
[SourceVersionDate "2011.11.24"]
[SourceQuality "1"]

1. e4 e5 2. Nf3 Nc6 3. Bc4 Bc5 4. Nc3 Nf6 5. d3 0-0 6. Bg5 d6 7. a3 a6 8. Qd2 b5 9. Ba2 h6 10. Bxh6 gxh6 11. Qxh6 Bxf2+ 12. Kd1 Ng4 13. Qg6+ Kh8 14. Qh5+ Kg7 15. Ng5 Nh6 16. Qe2 Bg4 17. Nf3 Ba7 18. h3 Nd4 19. Qf1 Bxf3+ 20. gxf3 Kh7 21. f4 Qh4 22. fxe5 Qh5+ 23. Kc1 Qxe5 24. Nd5 Qg5+ 25. Kd1 Ne6 26. Nf6+ Kh8 27. Ng4 Nxg4 28. hxg4+ Kg7 29. Bd5 Qxg4+ 30. Kc1 Be3+ 31. Kb1 Rab8 32. c3 Rh8 33. Kc2 Rxh1 34. Qxh1 Rh8 35. Qe1 Rh2+ 36. Kb3 Nc5+ 37. Ka2 Re2 38. Qd1 Qg2 39. Rb1 Qf2 40. Qf1 Nxd3 41. Qxf2 Bxf2 42. Bb3 Be1 43. Rd1 Rxe4 44. Bc2 Nb4+ 45. cxb4 Re3 46. Rd4 Kf6 47. Bb3 c6 48. Rxd6+ Ke7 49. Rxc6 a5 50. Rc7+ Kd6 51. Rxf7 axb4 52. axb4 Bxb4 53. Rf6+ Kc7 54. Re6 Rxe6 55. Bxe6 Kd6 56. Bg8 Kc5 57. b3 Bc3 58. Kb1 b4 59. Bc4 1/2-1/2

[Event "Gibraltar Challengers-B"]
[Site "Gibraltar"]
[Date "2009.02.01"]
[Round "1"]
[White "Cox, Marian"]
[Black "Kuenitz, Klaus"]
[Result "0-1"]
[WhiteElo "1192"]
[BlackElo "1691"]
[PlyCount "91"]
[EventDate "2009.02.01"]
[EventType "swiss"]
[EventRounds "5"]
[EventCountry "ENG"]
[SourceTitle "EXT 2012"]
[Source "ChessBase"]
[SourceDate "2011.11.24"]
[SourceVersion "1"]
[SourceVersionDate "2011.11.24"]
[SourceQuality "1"]

1. e4 e6 2. d4 d5 3. Nc3 dxe4 4. Nxe4 Nd7 5. Nf3 Ngf6 6. Nxf6+ Nxf6 7. Bg5 Be7 8. Bc4 0-0 9. 0-0 b6 10. Re1 Bb7 11. c3 Nd5 12. Bxe7 Qxe7 13. Qd2 Nf6 14. Be2 Rad8 15. Qc2 c5 16. Rad1 Bxf3 17. Bxf3 cxd4 18. Rxd4 Rxd4 19. cxd4 Rd8 20. Qc4 Qd6 21. Rd1 g6 22. g3 Nd5 23. a3 Kg7 24. Kg2 h5 25. h4 f5 26. Bxd5 Qxd5+ 27. Qxd5 Rxd5 28. f4 Kf7 29. Kf3 Ke7 30. Ke3 Rb5 31. Rd2 Kd6 32. Kd3 Rb3+ 33. Kc4 Rxg3 34. d5 b5+ 35. Kxb5 exd5 36. Ka6 Rb3 37. Kxa7 Kc5 38. Ka6 d4 39. Ka5 Kd5 40. Ka4 Rb8 41. b3 Ke4 42. b4 Ke3 43. Rd1 d3 44. Kb3 Ke2 45. Rb1 d2 46. Kc2 0-1

[Event "Gibraltar Amateurs op-B"]
[Site "Gibraltar"]
[Date "2008.01.31"]
[Round "5"]
[White "Stoop, Michael"]
[Black "Cox, Marian"]
[Result "0-1"]
[WhiteElo "1056"]
[BlackElo "1200"]
[PlyCount "70"]
[EventDate "2008.01.27"]
[EventType "tourn"]
[EventRounds "5"]
[EventCountry "ENG"]
[SourceTitle "EXT 2010"]
[Source "ChessBase"]
[SourceDate "2010.11.25"]
[SourceVersion "1"]
[SourceVersionDate "2010.11.25"]
[SourceQuality "1"]

1. d4 d5 2. Nf3 Nc6 3. e3 a6 4. a3 Bg4 5. c4 e6 6. Qb3 Na5 7. Qa4+ Nc6 8. Ne5 Bf5 9. Nc3 Nge7 10. f3 h6 11. cxd5 exd5 12. e4 Be6 13. Be3 f6 14. Nd3 dxe4 15. fxe4 Bd7 16. Qd1 b6 17. Nf4 g6 18. Bd3 Qc8 19. 0-0 Qb7 20. Nfd5 f5 21. Nf6+ Kd8 22. Nxd7 Kxd7 23. exf5 gxf5 24. Bxf5+ Nxf5 25. Qg4 Nce7 26. Rad1 Re8 27. Ne4 Qc6 28. d5 Qg6 29. Qh3 Kd8 30. Rd3 Nxe3 31. Qxe3 Nf5 32. Qf3 Bc5+ 33. Kh1 Nd4 34. Qf6+ Qxf6 35. Rxf6 Rxe4 0-1

[Event "Gibraltar Amateurs op-B"]
[Site "Gibraltar"]
[Date "2008.01.30"]
[Round "4"]
[White "Cox, Marian"]
[Black "Ribon Calabia, Mariano"]
[Result "0-1"]
[WhiteElo "1200"]
[BlackElo "1800"]
[PlyCount "52"]
[EventDate "2008.01.27"]
[EventType "tourn"]
[EventRounds "5"]
[EventCountry "ENG"]
[SourceTitle "EXT 2010"]
[Source "ChessBase"]
[SourceDate "2010.11.25"]
[SourceVersion "1"]
[SourceVersionDate "2010.11.25"]
[SourceQuality "1"]

1. e4 g6 2. d4 Bg7 3. Nf3 Nc6 4. c3 a6 5. Be3 d5 6. e5 f6 7. exf6 Nxf6 8. h3 0-0 9. Bd3 Nh5 10. Nbd2 e5 11. dxe5 Nxe5 12. Nxe5 Bxe5 13. g3 Nxg3 14. fxg3 Bxg3+ 15. Ke2 Qh4 16. Nf3 Qh5 17. Qf1 Bd7 18. Qg2 Bf4 19. Bxf4 Rxf4 20. Raf1 Raf8 21. Qg5 Bxh3 22. Rf2 Rxf3 23. Qxh5 Rxf2+ 24. Ke3 gxh5 25. Rxh3 c5 26. Be2 d4+ 0-1

[Event "Gibraltar Amateurs op-A"]
[Site "Gibraltar"]
[Date "2008.01.25"]
[Round "4"]
[White "Booth, Christopher"]
[Black "Cox, Marian"]
[Result "1-0"]
[WhiteElo "1840"]
[BlackElo "1200"]
[PlyCount "63"]
[EventDate "2008.01.22"]
[EventType "tourn"]
[EventRounds "5"]
[EventCountry "ENG"]
[SourceTitle "EXT 2010"]
[Source "ChessBase"]
[SourceDate "2010.11.25"]
[SourceVersion "1"]
[SourceVersionDate "2010.11.25"]
[SourceQuality "1"]

1. d4 Nf6 2. Nf3 d5 3. Bf4 e6 4. e3 Bd6 5. Bg3 Bxg3 6. hxg3 a6 7. Bd3 h6 8. Nbd2 Nc6 9. c3 b6 10. e4 dxe4 11. Nxe4 Nxe4 12. Bxe4 Bb7 13. Ne5 Qd6 14. Qe2 Rf8 15. f4 0-0-0 16. Nxc6 Bxc6 17. Qxa6+ Kb8 18. Qe2 Bxe4 19. Qxe4 Qd5 20. Qxd5 exd5 21. Kd2 Rfe8 22. Rae1 Ka7 23. Rh5 Rxe1 24. Kxe1 Re8+ 25. Kd2 c6 26. Re5 Re6 27. f5 Rxe5 28. dxe5 Kb7 29. a4 Kc7 30. b4 h5 31. a5 bxa5 32. bxa5 1-0

[Event "Gibraltar Amateurs op-A"]
[Site "Gibraltar"]
[Date "2008.01.23"]
[Round "2"]
[White "Cox, Marian"]
[Black "Mossiaguine, Anastasia"]
[Result "1-0"]
[WhiteElo "1200"]
[BlackElo "1443"]
[PlyCount "93"]
[EventDate "2008.01.22"]
[EventType "tourn"]
[EventRounds "5"]
[EventCountry "ENG"]
[SourceTitle "EXT 2010"]
[Source "ChessBase"]
[SourceDate "2010.11.25"]
[SourceVersion "1"]
[SourceVersionDate "2010.11.25"]
[SourceQuality "1"]

1. e4 e5 2. Nf3 Nc6 3. Bb5 Bc5 4. 0-0 Nf6 5. d3 0-0 6. a3 d6 7. b4 Bb6 8. Bg5 h6 9. Bd2 Qd7 10. Nc3 a6 11. Ba4 Qg4 12. h3 Qe6 13. Ne2 Bd7 14. Ng3 Nd4 15. Bxd7 Qxd7 16. Nxd4 Bxd4 17. c3 Bb6 18. Qe2 c5 19. Be3 Qc6 20. Nf5 cxb4 21. Ne7+ Kh8 22. Nxc6 Bxe3 23. Qxe3 bxc6 24. axb4 d5 25. f3 dxe4 26. dxe4 Rfd8 27. Rfd1 Rxd1+ 28. Rxd1 Re8 29. Qb6 g5 30. Rd8 Rxd8 31. Qxd8+ Kg7 32. Qb6 h5 33. g4 hxg4 34. hxg4 c5 35. Qxc5 a5 36. Qxa5 Kf8 37. Qxe5 Nd7 38. Qxg5 Ne5 39. Qd8+ Kg7 40. Qd4 Kf8 41. Qxe5 f6 42. Qc5+ Ke8 43. b5 f5 44. b6 fxe4 45. b7 exf3 46. b8Q+ Kd7 47. Qcd6# 1-0

[Event "Gibraltar Amateurs op-A"]
[Site "Gibraltar"]
[Date "2008.01.22"]
[Round "1"]
[White "Jacobsen, Maria Pitz"]
[Black "Cox, Marian"]
[Result "1-0"]
[WhiteElo "1799"]
[BlackElo "1200"]
[PlyCount "47"]
[EventDate "2008.01.22"]
[EventType "tourn"]
[EventRounds "5"]
[EventCountry "ENG"]
[SourceTitle "EXT 2010"]
[Source "ChessBase"]
[SourceDate "2010.11.25"]
[SourceVersion "1"]
[SourceVersionDate "2010.11.25"]
[SourceQuality "1"]

1. e4 e5 2. Nf3 Nc6 3. Bb5 a6 4. Ba4 Be7 5. 0-0 Nf6 6. Re1 0-0 7. c3 d6 8. h3 Be6 9. d4 exd4 10. cxd4 Bd7 11. Nc3 h6 12. Bf4 b5 13. Bb3 Nh7 14. Nd5 Ng5 15. Nxe7+ Qxe7 16. Bxg5 hxg5 17. Qc1 g4 18. hxg4 Bxg4 19. Qxc6 Be6 20. e5 g6 21. exd6 cxd6 22. Qe4 Rae8 23. d5 Qf6 24. dxe6 1-0

[Event "Guernsey Holiday op 33rd"]
[Site "Guernsey"]
[Date "2007.10.26"]
[Round "6"]
[White "Brown, Jim"]
[Black "Cox, Marian"]
[Result "1/2-1/2"]
[WhiteElo "1144"]
[BlackElo "1200"]
[PlyCount "70"]
[EventDate "2007.10.21"]
[EventType "swiss"]
[EventRounds "7"]
[EventCountry "GCI"]
[SourceTitle "EXT 2022"]
[Source "ChessBase"]
[SourceDate "2021.10.06"]
[SourceVersion "1"]
[SourceVersionDate "2021.10.06"]
[SourceQuality "1"]

1. Nf3 d5 2. d4 Nf6 3. e3 Bg4 4. Nbd2 Nc6 5. Be2 e6 6. 0-0 Bd6 7. b3 0-0 8. Bb2 Ne7 9. h3 Bh5 10. a3 c6 11. Ne5 Bxe2 12. Qxe2 Qc7 13. Ndf3 h6 14. c4 b6 15. Rac1 Qb7 16. cxd5 cxd5 17. Rc2 Rac8 18. Rfc1 Rxc2 19. Rxc2 Rc8 20. b4 a6 21. Qd1 b5 22. Rxc8+ Qxc8 23. Qc1 Qb7 24. g3 Ne4 25. Kg2 f6 26. Nd3 g5 27. g4 f5 28. Nde5 Kg7 29. Nh2 Bxe5 30. dxe5 Ng6 31. Nf3 f4 32. Bd4 Kf7 33. Qc2 Ke8 34. Qc1 Kd7 35. Qc2 Qc6 1/2-1/2

[Event "Guernsey Holiday op 33rd"]
[Site "Guernsey"]
[Date "2007.10.25"]
[Round "5"]
[White "Bennett, DW."]
[Black "Cox, Marian"]
[Result "1-0"]
[WhiteElo "1112"]
[BlackElo "1200"]
[PlyCount "67"]
[EventDate "2007.10.21"]
[EventType "swiss"]
[EventRounds "7"]
[EventCountry "GCI"]
[SourceTitle "EXT 2022"]
[Source "ChessBase"]
[SourceDate "2021.10.06"]
[SourceVersion "1"]
[SourceVersionDate "2021.10.06"]
[SourceQuality "1"]

1. Nf3 b6 2. d4 Bb7 3. Nbd2 d5 4. g3 e6 5. Bg2 c5 6. c4 cxd4 7. Nxd4 Bc5 8. Qa4+ Ke7 9. e3 Bxd4 10. exd4 Qd6 11. 0-0 Bc6 12. Qc2 Nf6 13. Nf3 Nbd7 14. Bf4 Qb4 15. b3 Kd8 16. Be5 Qe7 17. Rac1 Nxe5 18. Nxe5 Bb7 19. c5 Rc8 20. b4 Ne8 21. Rfe1 f6 22. Ng4 h5 23. Ne3 Nc7 24. Bh3 Qf7 25. Nf1 h4 26. Bg4 f5 27. Be2 Qf6 28. Qd2 Bc6 29. cxb6 Nb5 30. Bxb5 Bxb5 31. Rxc8+ Kxc8 32. Qc2+ Kb7 33. Qc7+ Ka6 34. Qxa7# 1-0